TV Shoes Quiz Stats

 Plays Quiz Updated Jun 29, 2017

Support Sporcle.
Go Orange.
Score 0/30 Timer 08:00
2 Plays Today
% Correct
The Simpsons
99.6%
Star Trek
95.7%
Scooby-Doo, Where Are You?
95.4%
The Flintstones
92.5%
SpongeBob SquarePants
91.9%
Family Guy
90.2%
The Office
89.1%
Teenage Mutant Ninja Turtles
89.1%
Breaking Bad
88.5%
The Big Bang Theory
87.9%
Sesame Street
87.8%
Doctor Who
86%
Friends
83.4%
Futurama
81.8%
South Park
81.3%
% Correct
The Golden Girls
81.1%
Beavis and Butt-Head
79.4%
I Love Lucy
77.8%
The Walking Dead
72.3%
Sherlock
67.1%
Parks and Recreation
66.6%
The X-Files
65.1%
Game of Thrones
63.5%
Dexter
58.3%
Dragon Ball
56.5%
Adventure Time
54.7%
Arrested Development
47.1%
The Middle
43.7%
Lost
31.5%
Supernatural
28.3%

You're not logged in!

Compare scores with friends on all Sporcle quizzes.
OR
Log In
Forgot?

From the Vault

Bordering Countries

by Booger

They say you can know a man by the company he keeps, but can you identify these nations by the nations they border?
Remove Ads.
Support Sporcle.
Get the best of Sporcle when you Go Orange. This ad-free experience offers more features, more stats, and more fun while also helping to support Sporcle. Thank you for becoming a member.

Show Comments

Extras

Top Quizzes Today


Score Distribution

Your Account Isn't Verified!

In order to create a playlist on Sporcle, you need to verify the email address you used during registration. Go to your Sporcle Settings to finish the process.

Report this User

Report this user for behavior that violates our Community Guidelines.

Details: